<?xml version="1.0" encoding="UTF-8"?>
<record
    xmlns:xsi="http://www.w3.org/2001/XMLSchema-instance"
    xsi:schemaLocation="http://www.loc.gov/MARC21/slim http://www.loc.gov/standards/marcxml/schema/MARC21slim.xsd"
    xmlns="http://www.loc.gov/MARC21/slim">

  <leader>00585nam a2200181Ia 4500</leader>
  <controlfield tag="001">65740</controlfield>
  <controlfield tag="003">OSt</controlfield>
  <controlfield tag="005">20160315122616.0</controlfield>
  <controlfield tag="008">150403s9999    xx            000 0 und d</controlfield>
  <datafield tag="040" ind1=" " ind2=" ">
    <subfield code="c">PK-LaUMT</subfield>
  </datafield>
  <datafield tag="082" ind1=" " ind2=" ">
    <subfield code="a"> 616.024</subfield>
    <subfield code="b">AB-G</subfield>
  </datafield>
  <datafield tag="100" ind1=" " ind2=" ">
    <subfield code="a">Abual Jamali Khalid Javed Shamsi</subfield>
  </datafield>
  <datafield tag="245" ind1=" " ind2=" ">
    <subfield code="a">(&#x6AF;&#x6BE;&#x631;&#x6CC;&#x644;&#x648; &#x62F;&#x648;&#x627;&#x6CC;&#x6BA;)Gharelo dawain (Urdu)</subfield>
    <subfield code="c">(&#x639;&#x628;&#x62F;&#x627;&#x644;&#x62C;&#x645;&#x6CC;&#x644; &#x62E;&#x627;&#x644;&#x62F; &#x62C;&#x627;&#x648;&#x6CC;&#x62F; &#x634;&#x645;&#x633;&#x6CC;)Abual Jamali Khalid Javed Shamsi</subfield>
  </datafield>
  <datafield tag="260" ind1=" " ind2=" ">
    <subfield code="a">(&#x644;&#x627;&#x6C1;&#x648;&#x631;&#x60C; &#x67E;&#x627;&#x6A9;&#x633;&#x62A;&#x627;&#x646;)Lahore,Pakistan:</subfield>
    <subfield code="b">(&#x62A;&#x62E;&#x644;&#x6CC;&#x642;&#x627;&#x62A;)Takhleqaat,</subfield>
    <subfield code="c">2013</subfield>
  </datafield>
  <datafield tag="300" ind1=" " ind2=" ">
    <subfield code="a">175 p.</subfield>
  </datafield>
  <datafield tag="546" ind1=" " ind2=" ">
    <subfield code="a">UR</subfield>
  </datafield>
  <datafield tag="942" ind1=" " ind2=" ">
    <subfield code="c">BK</subfield>
    <subfield code="2">ddc</subfield>
  </datafield>
  <datafield tag="999" ind1=" " ind2=" ">
    <subfield code="c">69049</subfield>
    <subfield code="d">69049</subfield>
  </datafield>
  <datafield tag="952" ind1=" " ind2=" ">
    <subfield code="0">0</subfield>
    <subfield code="1">0</subfield>
    <subfield code="4">0</subfield>
    <subfield code="7">0</subfield>
    <subfield code="a">01</subfield>
    <subfield code="b">01</subfield>
    <subfield code="d">2015-04-03</subfield>
    <subfield code="l">3</subfield>
    <subfield code="o"> 616.024 AB-G</subfield>
    <subfield code="p">88334</subfield>
    <subfield code="r">2019-10-26 00:00:00</subfield>
    <subfield code="s">2019-10-12</subfield>
    <subfield code="w">2015-04-03</subfield>
    <subfield code="y">BK</subfield>
  </datafield>
</record>
